| 000 | 02616ncm0a22004451 4500 | ||
|---|---|---|---|
| 001 | RU\NLR\ONIZ\208562 | ||
| 005 | 20260406074047.0 | ||
| 035 | _a(NLR Aleph) 010889437 | ||
| 035 | _aRU\NLR\ONIZ\Таня\5000000370\20150130181712 | ||
| 090 |
_a10544148 _c10544148 |
||
| 100 | _a20150130d1945 u y0rusy50 ca | ||
| 101 | 0 | _arus | |
| 102 | _aRU | ||
| 125 | _azx | ||
| 128 | _asg | ||
| 145 | 0 | _ac | |
| 200 | 1 |
_aПесня доваторцев _bНоты _e"Сквозь леса дремучие..." _eдля хора с фп. _fмуз. В. Мурадели _gстихи И. Кармазина |
|
| 210 |
_aМосква _cСоюз советских композиторов, Музыкальный фонд СССР _d1945 |
||
| 215 |
_a8 с. _d26 см |
||
| 313 | _aСистематизация документа проведена по изданию - Методика классифицирования музыкальных произведений (нотных изданий) по таблицам Библиотечно-библиографических классификаций : метод. рекомендации / Гос. б-ка СССР им. В.И. Ленина.- М., 1977. Индексу ББК методических рекомендаций присваивается код ББК для научных библиотек - LBC/SL | ||
| 600 | 1 |
_aДоватор _gЛев Михайлович _bЛ. М. _f1903-1941 _xноты _yСССР _z1941 _2nlr_sh _7ba |
|
| 606 | 1 |
_aВеликая Отечественная Война 1941-1945 в песнях. _yРоссия _z20-21 вв. _jНоты _2nlr_sh |
|
| 606 | 1 |
_z1941-1945 _aВеликая Отечественная война (1941-1945) в музыке _yСССР _jНоты _2nlr_sh |
|
| 686 |
_aЩ941.6-42-041.3(2) _vLBC/SL _2rubbk |
||
| 700 | 1 |
_9z01790 _aМурадели _bВ. И. _f1908-1970 _gВано Ильич _4230 _7ca |
|
| 702 | 1 |
_9z03790 _aКармазин _bИ. _4520 |
|
| 702 | 1 |
_4420 _7ca _8rus _aДоватор _bЛ. М. _f1903-1941 _gЛев Михайлович _3RU\NLR\AUTH\770143245 _9143209 |
|
| 790 | 1 |
_9z01700 _aMuradeli _bV. I. _f1908-1970 _gVano Il'ich _4230 |
|
| 790 | 1 |
_9z03702 _aKarmazin _bI _4520 |
|
| 790 | 1 |
_4420 _7ba _8rus _aDovator _bL. M. _f1903-1941 _gLev Michajlovič _9143207 _3RU\NLR\AUTH\770143243 |
|
| 801 | 0 |
_aRU _bNLR _c20150130 _gPSBO |
|
| 801 | 1 |
_aRU _bNLR _c20150130 _2rusmarc |
|
| 801 | 2 |
_aRU _bNLR _c20160803 |
|
| 852 |
_aNLR _bМ _j280-3/1500 _p63559 _t1 |
||
| 942 | _cSCORE | ||
| 945 | _aРоссийская национальная библиотека | ||
| 980 | _aNB | ||
| 980 | _aBV | ||
| 980 | _aONIZ | ||